Los filósofos presocráticos: historia crítica con selección de textos

Gespeichert in:
Bibliographische Detailangaben
Hauptverfasser: Kirk, Geoffrey Stephen (VerfasserIn), Raven, J. E (VerfasserIn), Schofield, Malcolm (VerfasserIn)
Format: Buch
Sprache:Spanisch
Veröffentlicht: Madrid Gredos 1987
Ausgabe:2a. ed
Schriftenreihe:Biblioteca Hispánica de filosofía, 63
Schlagworte:
Tags: Tag hinzufügen
Keine Tags, Fügen Sie den ersten Tag hinzu!

MARC

LEADER 00000nam a2200000 a 4500
001 UCX1089
003 CL-VaPUC
008 900604e19870000SP |||||||||||||||||spa|d
020 |a 8424912497 
082 0 4 |a 182  |b KIR  |2 21 
100 |a Kirk, Geoffrey Stephen  |e author  |9 603459 
700 0 |a Raven, J. E  |e author  |9 316497 
700 0 |a Schofield, Malcolm  |e author  |9 316498 
245 1 4 |a Los filósofos presocráticos: historia crítica con selección de textos 
250 |a 2a. ed 
300 |a 702 p 
942 |c BK 
945 |d 19900604 00:00:00 
260 |a Madrid  |b Gredos  |c 1987 
650 0 |a Filosofía antigua   |9 255705 
583 |a last modification  |c 20150714 04:54:39  |k Rodrigo Vera 
490 0 |a Biblioteca Hispánica de filosofía, 63 
999 |c 222417  |d 222415 
952 |0 0  |1 0  |4 0  |6 182_000000000000000_KIR_1987  |7 0  |8 R  |9 217115  |a BIBEDU  |b BIBEDU  |c MCIRC  |d 2019-11-15  |i 2860791  |l 2  |o 182 KIR 1987  |p 2860791  |r 2023-01-13  |s 2022-10-06  |w 2019-11-15  |y BK_R  |k FIL 
952 |0 0  |1 0  |4 0  |6 182_000000000000000_KIR_1987  |7 0  |8 R  |9 217116  |a BIBEDU  |b BIBEDU  |c MCIRC  |d 2019-11-15  |i 401247K  |l 2  |o 182 KIR 1987  |p 401247K  |r 2023-01-13  |s 2022-10-19  |w 2019-11-15  |y BK_R  |k BME 
952 |0 0  |1 0  |4 0  |6 182_000000000000000_KIR_1987  |7 0  |8 R  |9 217117  |a BIBEDU  |b BIBEDU  |d 2019-11-15  |i 4458788  |o 182 KIR 1987  |p 4458788  |r 2019-11-15  |w 2019-11-15  |y BK_R  |k FIL